| 000 | 01131cam a2200325Ia 4500 | ||
|---|---|---|---|
| 001 | caloriescarboh1985krau | ||
| 003 | CaSfIA | ||
| 005 | 20230525154838.0 | ||
| 007 | cr|||| | ||
| 008 | 860227s1985 nyu 000 0 eng d | ||
| 040 |
_aORK _cORK _dVET _dOCL _dP4I _dCaSfIA |
||
| 020 |
_a0451136098 (pbk.) : _c$3.95 |
||
| 020 | _a9780451136091 (pbk.) | ||
| 035 | _a(OCoLC)13205675 | ||
| 050 | 1 | 4 |
_aTX551 _b.K745 1985 |
| 092 | _a641.1 | ||
| 096 | _aQU 16 K91 1985 | ||
| 100 | 1 | _aKraus, Barbara. | |
| 245 | 1 | 0 |
_aCalories and carbohydrates / _h[electronic resource] _cBarbara Kraus. |
| 250 | _a6th rev. ed. | ||
| 260 |
_aNew York : _bNew American Library, _cc1985. |
||
| 300 |
_axiii, 353 p. ; _c18 cm. |
||
| 500 | _a"A Signet book." | ||
| 650 | 0 |
_aFood _xCaloric content _vTables. |
|
| 650 | 0 |
_aFood _xCarbohydrate content _vTables. |
|
| 650 | 2 |
_aCarbohydrates _vTables. |
|
| 650 | 2 |
_aFood Analysis _vTables. |
|
| 856 | 4 | 1 |
_uhttp://www.archive.org/details/caloriescarboh1985krau _zFree eBook from the Internet Archive |
| 856 | 4 | 2 |
_uhttp://www.openlibrary.org/books/OL24385202M _zAdditional information and access via Open Library |
| 999 |
_c19046 _d19046 |
||